[Event "Ontario op"]
[Site "Hamilton CAN"]
[Date "2011.05.22"]
[Round "3"]
[White "Sapozhnikov, Roman"]
[Black "Cormier, Adam"]
[Result "1-0"]
[WhiteElo "2422"]
[BlackElo "2033"]
[PlyCount "75"]
[GameId "2160767909704287"]
[EventDate "2011.05.21"]
[EventType "swiss"]
[EventRounds "6"]
[EventCountry "CAN"]
[SourceTitle "hb 2012"]

1. e4 c5 2. Nf3 d6 3. d4 cxd4 4. Nxd4 Nf6 5. Nc3 a6 6. Be3 e5 7. Nf3 Be7 8. Bc4 O-O 9. O-O Nbd7 10. Re1 b5 11. Bd5 Nxd5 12. Nxd5 Bb7 13. a4 Bxd5 14. Qxd5 Nb6 15. Bxb6 Qxb6 16. axb5 Qxb5 17. Qxb5 axb5 18. Nd2 Rfc8 19. c3 g6 20. Nf1 Bg5 21. Red1 Rxa1 22. Rxa1 b4 23. cxb4 Rb8 24. Ra4 Bc1 25. b3 Kf8 26. f3 Ke7 27. Kf2 Ke6 28. Ne3 Bxe3+ 29. Kxe3 f5 30. Kd3 d5 31. Ra6+ Kd7 32. exd5 Rxb4 33. Kc3 Rd4 34. Ra7+ Kd6 35. Rxh7 Rxd5 36. Rg7 e4 37. fxe4 fxe4 38. Rxg6+ 1-0

[Event "Ontario op"]
[Site "Hamilton CAN"]
[Date "2011.05.23"]
[Round "5"]
[White "Dougherty, Michael"]
[Black "Sapozhnikov, Roman"]
[Result "1/2-1/2"]
[WhiteElo "2306"]
[BlackElo "2420"]
[PlyCount "112"]
[GameId "2160767909704289"]
[EventDate "2011.05.21"]
[EventType "swiss"]
[EventRounds "6"]
[EventCountry "CAN"]
[SourceTitle "EXT 2022"]
[Source "ChessBase"]
[SourceDate "2021.10.06"]
[SourceVersion "1"]
[SourceVersionDate "2021.10.06"]
[SourceQuality "1"]

1. Nf3 Nf6 2. c4 e6 3. g3 d5 4. Bg2 Be7 5. O-O O-O 6. b3 c5 7. cxd5 Nxd5 8. Bb2 Nc6 9. d4 cxd4 10. Nxd4 Nxd4 11. Bxd4 Bf6 12. Na3 b6 13. Nc4 Bb7 14. Bxf6 Qxf6 15. e4 Nc3 16. Qc2 Nb5 17. e5 Qe7 18. Rad1 Bxg2 19. Kxg2 Rfd8 20. Rxd8+ Rxd8 21. Rd1 Qb7+ 22. f3 Rxd1 23. Qxd1 Qd5 24. Ne3 Qxd1 25. Nxd1 f6 26. exf6 gxf6 27. Kf2 Kf7 28. Ke3 e5 29. f4 Ke6 30. g4 Kd5 31. g5 fxg5 32. fxg5 Ke6 33. Ke4 Nd6+ 34. Kf3 Kf5 35. h4 e4+ 36. Kg3 Ke5 37. Kg4 Nf5 38. h5 e3 39. Kf3 e2 40. Kxe2 Ng3+ 41. Kf3 Nxh5 42. Kg4 Ng7 43. Nc3 a5 44. Na4 b5 45. Nb6 Kd4 46. a4 Kc5 47. Nd7+ Kb4 48. axb5 Kxb5 49. Ne5 Kc5 50. Nc4 a4 51. bxa4 Kxc4 52. Kf4 Kb4 53. Ke5 Nh5 54. Ke6 Nf4+ 55. Kf6 Nh3 56. g6 hxg6 1/2-1/2

[Event "Ontario op U2000"]
[Site "Hamilton CAN"]
[Date "2011.05.23"]
[Round "6"]
[White "Brammall, Stuart"]
[Black "Gashgarian, Robert"]
[Result "1-0"]
[WhiteElo "2010"]
[BlackElo "1937"]
[PlyCount "45"]
[GameId "2160767909704291"]
[EventDate "2011.05.21"]
[EventType "swiss"]
[EventRounds "6"]
[EventCountry "CAN"]

1. e4 e5 2. Nf3 Nc6 3. Nc3 Nf6 4. d4 Bb4 5. d5 Nb8 6. Nxe5 Qe7 7. Nd3 Qxe4+ 8. Be2 O-O 9. O-O Bxc3 10. bxc3 Qc4 11. d6 cxd6 12. Nf4 Qc5 13. Be3 Qe5 14. Rb1 Ne4 15. Nd5 Nxc3 16. Nxc3 Qxc3 17. Bd4 Qc7 18. Bd3 Nc6 19. Bxh7+ Kxh7 20. Qh5+ Kg8 21. Bxg7 Kxg7 22. Qg5+ Kh8 23. Rb3 1-0

[Event "Ontario-Tch active"]
[Site "Kitchener CAN"]
[Date "2011.06.18"]
[Round "1"]
[White "Khayutin, Constantine"]
[Black "Shamroni, Dima"]
[Result "1-0"]
[WhiteElo "2005"]
[BlackElo "1792"]
[PlyCount "76"]
[GameId "2160767909704186"]
[EventDate "2011.06.19"]
[EventType "rapid"]
[EventRounds "4"]
[EventCountry "CAN"]
[SourceTitle "EXT 2022"]
[Source "ChessBase"]
[SourceDate "2021.10.06"]
[SourceVersion "1"]
[SourceVersionDate "2021.10.06"]
[SourceQuality "1"]
[WhiteTeam "Hamilton"]
[BlackTeam "Waterloo"]
[WhiteTeamCountry "CAN"]
[BlackTeamCountry "CAN"]

1. Nf3 d5 2. c4 d4 3. d3 Nf6 4. g3 c5 5. Bg2 Nc6 6. Bf4 Bf5 7. O-O h6 8. Ne5 Rc8 9. Qb3 Qb6 10. Nd2 g5 11. Nxc6 bxc6 12. Be5 Bg7 13. f4 Bg4 14. Rae1 O-O 15. f5 Nh5 16. Bxg7 Kxg7 17. Ne4 e6 18. f6+ Kg8 19. Qxb6 axb6 20. h3 Bf5 21. g4 Bxe4 22. gxh5 Bxg2 23. Kxg2 b5 24. Rf3 e5 25. Rg3 Kh8 26. Kf3 Rfe8 27. Ke4 Rcd8 28. h4 Re6 29. hxg5 hxg5 30. Rf1 Rdd6 31. Rxg5 Rxf6 32. Rgf5 Rxf5 33. Rxf5 f6 34. Rf3 Kg7 35. Kf5 e4 36. Rg3+ Kh7 37. Rg6 exd3 38. exd3 bxc4 1-0

[Event "Ontario-Tch active"]
[Site "Kitchener CAN"]
[Date "2011.06.18"]
[Round "1"]
[White "Kiraly, Istvan"]
[Black "Bao, Tony Bohan"]
[Result "1-0"]
[WhiteElo "2127"]
[BlackElo "1383"]
[PlyCount "43"]
[GameId "2160767909704187"]
[EventDate "2011.06.19"]
[EventType "rapid"]
[EventRounds "4"]
[EventCountry "CAN"]
[SourceTitle "EXT 2022"]
[Source "ChessBase"]
[SourceDate "2021.10.06"]
[SourceVersion "1"]
[SourceVersionDate "2021.10.06"]
[SourceQuality "1"]
[WhiteTeam "Windsor"]
[BlackTeam "London"]
[WhiteTeamCountry "CAN"]
[BlackTeamCountry "CAN"]

1. d4 d5 2. Nf3 Nf6 3. Bg5 e6 4. Nbd2 Be7 5. e3 O-O 6. Bd3 c5 7. c3 Nc6 8. O-O Rb8 9. Bxf6 Bxf6 10. dxc5 a5 11. e4 d4 12. cxd4 Nxd4 13. e5 Be7 14. Ne4 Nxf3+ 15. Qxf3 Qd4 16. Qg3 h6 17. Rad1 Qxb2 18. Rd2 Qd4 19. Rfd1 Bxc5 20. Nf6+ Kh8 21. Nh5 Rg8 22. Bh7 1-0

[Event "Ontario-Tch active"]
[Site "Kitchener CAN"]
[Date "2011.06.18"]
[Round "1.1"]
[White "Demmery, Steve"]
[Black "Cockburn, Denton"]
[Result "0-1"]
[WhiteElo "2242"]
[BlackElo "2240"]
[PlyCount "68"]
[GameId "2160767909704188"]
[EventDate "2011.06.19"]
[EventType "rapid"]
[EventRounds "4"]
[EventCountry "CAN"]
[SourceTitle "EXT 2022"]
[Source "ChessBase"]
[SourceDate "2021.10.06"]
[SourceVersion "1"]
[SourceVersionDate "2021.10.06"]
[SourceQuality "1"]
[WhiteTeam "London"]
[BlackTeam "Windsor"]
[WhiteTeamCountry "CAN"]
[BlackTeamCountry "CAN"]

1. d4 Nf6 2. Nf3 e6 3. Bf4 c5 4. c3 Nc6 5. e3 d5 6. Nbd2 Be7 7. Bd3 O-O 8. O-O b6 9. Ne5 Bb7 10. Qf3 Rc8 11. g4 Nd7 12. Qh3 g6 13. Ndf3 Bf6 14. Bh6 Ndxe5 15. dxe5 Bg7 16. Ng5 Nxe5 17. f4 Nxd3 18. Bxg7 Kxg7 19. Qxh7+ Kf6 20. f5 Kxg5 21. fxg6 fxg6 22. h4+ Kxg4 23. Qxg6+ Kxh4 24. Rxf8 Qxf8 25. Qh7+ Kg5 26. Rf1 Qg8 27. Qxd3 Kh6+ 28. Kh2 Qg5 29. Rf3 Qe5+ 30. Kg1 Rg8+ 31. Kf1 Rg3 32. Rf2 Rh3 33. Qd2 Ba6+ 34. Kg1 Qg5+ 0-1

[Event "Ontario-Tch active"]
[Site "Kitchener CAN"]
[Date "2011.06.16"]
[Round "2"]
[White "Khayutin, Constantine"]
[Black "Kiraly, Zoltan1"]
[Result "0-1"]
[WhiteElo "2005"]
[BlackElo "2248"]
[PlyCount "44"]
[GameId "2160767909704190"]
[EventDate "2011.06.19"]
[EventType "rapid"]
[EventRounds "4"]
[EventCountry "CAN"]
[SourceTitle "EXT 2022"]
[Source "ChessBase"]
[SourceDate "2021.10.06"]
[SourceVersion "1"]
[SourceVersionDate "2021.10.06"]
[SourceQuality "1"]
[WhiteTeam "Hamilton"]
[BlackTeam "Windsor"]
[WhiteTeamCountry "CAN"]
[BlackTeamCountry "CAN"]

1. Nf3 Nf6 2. g3 d5 3. c4 d4 4. d3 c5 5. Bg2 Nc6 6. Bf4 Nh5 7. Ne5 Nxf4 8. gxf4 Nxe5 9. fxe5 Qc7 10. Qb3 g6 11. Nd2 Rb8 12. f4 a6 13. a4 Bh6 14. Rf1 Qa5 15. O-O-O O-O 16. Qa3 Bg4 17. Rde1 Rfc8 18. h3 Bd7 19. Bd5 Bxh3 20. Nb3 Qc7 21. Rh1 Bxf4+ 22. Kc2 Bf5 0-1

[Event "Ontario-Tch active"]
[Site "Kitchener CAN"]
[Date "2011.06.18"]
[Round "2.2"]
[White "Kimelman, Michael"]
[Black "Gashgarian, Robert"]
[Result "0-1"]
[WhiteElo "2274"]
[BlackElo "2061"]
[PlyCount "60"]
[GameId "2160767909704192"]
[EventDate "2011.06.19"]
[EventType "rapid"]
[EventRounds "4"]
[EventCountry "CAN"]
[SourceTitle "EXT 2022"]
[Source "ChessBase"]
[SourceDate "2021.10.06"]
[SourceVersion "1"]
[SourceVersionDate "2021.10.06"]
[SourceQuality "1"]
[WhiteTeam "Willowdale"]
[BlackTeam "Brantford"]
[WhiteTeamCountry "CAN"]
[BlackTeamCountry "CAN"]

1. e4 e5 2. Nf3 Nc6 3. d4 exd4 4. Nxd4 Bc5 5. Be3 Bb6 6. Bc4 Nf6 7. Nc3 d6 8. O-O O-O 9. h3 Re8 10. a4 Ne5 11. Be2 Ba5 12. f3 c6 13. Bg5 h6 14. Bh4 Ng6 15. Bg3 d5 16. exd5 Nxd5 17. Nxd5 Qxd5 18. c3 Qg5 19. Kh2 Nf4 20. Bc4 Nh5 21. Bd6 Rd8 22. b4 Rxd6 23. bxa5 c5 24. f4 Qg3+ 25. Kh1 cxd4 26. Qxh5 Rg6 27. Qe2 Be6 28. Bd3 Rf6 29. Rf3 Qh4 30. Qe4 Bf5 0-1

[Event "Ontario-Tch active"]
[Site "Kitchener CAN"]
[Date "2011.06.18"]
[Round "2.2"]
[White "Klarner, William"]
[Black "Shebetah, Wajdy"]
[Result "1/2-1/2"]
[WhiteElo "2248"]
[BlackElo "2246"]
[PlyCount "51"]
[GameId "2160767909704193"]
[EventDate "2011.06.19"]
[EventType "rapid"]
[EventRounds "4"]
[EventCountry "CAN"]
[WhiteTeam "Kitchener"]
[BlackTeam "Annex"]

1. Nf3 e6 2. c4 f5 3. g3 Nf6 4. Bg2 d5 5. O-O Bd6 6. d4 c6 7. Bf4 Bxf4 8. gxf4 O-O 9. e3 Ne4 10. Ne5 Nd7 11. f3 Nd6 12. c5 Nf7 13. Nc3 Nfxe5 14. fxe5 b6 15. b4 bxc5 16. bxc5 Ba6 17. Rf2 Qa5 18. Ne2 Bxe2 19. Qxe2 Rab8 20. f4 Qc3 21. Rd1 Rb5 22. Qd2 Qa3 23. Bf1 Ra5 24. Rb1 Rb8 25. Rxb8+ Nxb8 26. Qb2 1/2-1/2

[Event "Ontario-Tch active"]
[Site "Kitchener CAN"]
[Date "2011.06.18"]
[Round "3"]
[White "Shebetah, Wajdy"]
[Black "Kimelman, Michael"]
[Result "0-1"]
[WhiteElo "2246"]
[BlackElo "2274"]
[PlyCount "58"]
[GameId "2160767909704196"]
[EventDate "2011.06.19"]
[EventType "rapid"]
[EventRounds "4"]
[EventCountry "CAN"]
[WhiteTeam "Annex"]
[BlackTeam "Willowdale"]

1. e4 c5 2. Nf3 e6 3. c3 Nf6 4. d3 Nc6 5. g3 Be7 6. Bg2 d5 7. Qe2 dxe4 8. dxe4 e5 9. O-O O-O 10. Na3 Be6 11. h3 Qc8 12. Kh2 Rd8 13. Nc4 Qc7 14. a4 a6 15. Nh4 b5 16. axb5 axb5 17. Rxa8 Rxa8 18. Ne3 c4 19. Nd5 Qb7 20. Nxe7+ Qxe7 21. Nf5 Qc7 22. Bg5 Nd7 23. Rd1 Nc5 24. Ne3 f6 25. Nd5 Qf7 26. Be3 Nd3 27. f4 Ra2 28. Rd2 Bxd5 29. exd5 Ne7 0-1

[Event "Ontario-Tch active"]
[Site "Kitchener CAN"]
[Date "2011.06.18"]
[Round "3"]
[White "Thomson, Matt"]
[Black "Khayutin, Constantine"]
[Result "1-0"]
[WhiteElo "2130"]
[BlackElo "2005"]
[PlyCount "76"]
[GameId "2160767909704197"]
[EventDate "2011.06.19"]
[EventType "rapid"]
[EventRounds "4"]
[EventCountry "CAN"]
[SourceTitle "EXT 2022"]
[Source "ChessBase"]
[SourceDate "2021.10.06"]
[SourceVersion "1"]
[SourceVersionDate "2021.10.06"]
[SourceQuality "1"]
[WhiteTeam "St Catherines"]
[BlackTeam "Hamilton"]
[WhiteTeamCountry "CAN"]
[BlackTeamCountry "CAN"]

1. d4 Nf6 2. Nf3 g6 3. c4 Bg7 4. Nc3 d5 5. cxd5 Nxd5 6. e4 Nxc3 7. bxc3 c5 8. Rb1 Nc6 9. Bb5 O-O 10. O-O Bg4 11. Bg5 h6 12. Bh4 g5 13. Bg3 cxd4 14. Bxc6 bxc6 15. cxd4 Bxd4 16. Qxd4 Bxf3 17. Qxd8 Rfxd8 18. gxf3 Rd2 19. Rfd1 Rad8 20. Rxd2 Rxd2 21. a4 Ra2 22. Rb4 f6 23. f4 f5 24. exf5 Kf7 25. fxg5 hxg5 26. Rc4 Ke8 27. Kg2 Kd7 28. Kf3 c5 29. Re4 Kc6 30. Rxe7 Rxa4 31. f6 g4+ 32. Kg2 Ra3 33. f7 Rf3 34. Rxa7 c4 35. h3 c3 36. hxg4 Rxg3+ 37. Kxg3 c2 38. f8=Q c1=Q 1-0

[Event "Ontario-Tch active"]
[Site "Kitchener CAN"]
[Date "2011.06.18"]
[Round "3"]
[White "Wiebe, Daniel"]
[Black "Klarner, William"]
[Result "0-1"]
[WhiteElo "1979"]
[BlackElo "2248"]
[PlyCount "52"]
[GameId "2160767909704199"]
[EventDate "2011.06.19"]
[EventType "rapid"]
[EventRounds "4"]
[EventCountry "CAN"]
[SourceTitle "EXT 2022"]
[Source "ChessBase"]
[SourceDate "2021.10.06"]
[SourceVersion "1"]
[SourceVersionDate "2021.10.06"]
[SourceQuality "1"]
[WhiteTeam "Mississauga"]
[BlackTeam "Kitchener"]
[WhiteTeamCountry "CAN"]
[BlackTeamCountry "CAN"]

1. e4 c5 2. Nf3 e6 3. d4 cxd4 4. Nxd4 Nc6 5. Nb5 d6 6. c4 a6 7. N5a3 Nf6 8. Nc3 d5 9. cxd5 exd5 10. exd5 Bxa3 11. dxc6 Qxd1+ 12. Kxd1 Bc5 13. cxb7 Bxb7 14. Be2 O-O 15. Bg5 Bd4 16. Kc2 Rac8 17. Rad1 Bxc3 18. bxc3 Nd5 19. c4 Rc5 20. Kb3 Rb8 21. Ka3 Ra5+ 22. Kb2 Bc6+ 23. Kc1 Nc3 24. Rd8+ Rxd8 25. Bxd8 Rxa2 26. Bb6 Ba4 0-1

[Event "Ontario-Tch active"]
[Site "Kitchener CAN"]
[Date "2011.06.18"]
[Round "3.1"]
[White "Knechtel, Tim"]
[Black "Cockburn, Denton"]
[Result "0-1"]
[WhiteElo "2087"]
[BlackElo "2240"]
[PlyCount "82"]
[GameId "2160767909704201"]
[EventDate "2011.06.19"]
[EventType "rapid"]
[EventRounds "4"]
[EventCountry "CAN"]
[SourceTitle "EXT 2022"]
[Source "ChessBase"]
[SourceDate "2021.10.06"]
[SourceVersion "1"]
[SourceVersionDate "2021.10.06"]
[SourceQuality "1"]
[WhiteTeam "Kitchener"]
[BlackTeam "Windsor"]
[WhiteTeamCountry "CAN"]
[BlackTeamCountry "CAN"]

1. d4 Nf6 2. Nf3 e6 3. e3 b6 4. Bd3 Bb7 5. Nbd2 d5 6. Ne5 Bd6 7. f4 O-O 8. Qf3 c5 9. c3 Nc6 10. O-O Qe7 11. g4 g6 12. h3 Nd7 13. g5 f5 14. h4 Bxe5 15. fxe5 f4 16. exf4 cxd4 17. cxd4 Nxd4 18. Qh3 Nc5 19. b3 Nxd3 20. Qxd3 Qc5 21. Kh2 a5 22. Ba3 Ba6 23. Bxc5 Bxd3 24. Bxf8 Bxf1 25. Bh6 Ba6 26. Rc1 Rc8 27. Rxc8+ Bxc8 28. Kg3 Ba6 29. Nf3 Ne2+ 30. Kg4 Nc1 31. Nd4 Kf7 32. a3 Be2+ 33. Kg3 Bd1 34. b4 axb4 35. axb4 Nd3 36. b5 Ba4 37. Kf3 Nb2 38. Ke3 Nc4+ 39. Kd3 Na3 40. Nc6 Bxb5+ 41. Kd4 Bxc6 0-1

[Event "Ontario-Tch active"]
[Site "Kitchener CAN"]
[Date "2011.06.18"]
[Round "4"]
[White "Jordan, John"]
[Black "Shebetah, Wajdy"]
[Result "0-1"]
[WhiteElo "1863"]
[BlackElo "2246"]
[PlyCount "72"]
[GameId "2160767909704203"]
[EventDate "2011.06.19"]
[EventType "rapid"]
[EventRounds "4"]
[EventCountry "CAN"]
[WhiteTeam "Parry Sound"]
[BlackTeam "Annex"]

1. d4 e6 2. Nf3 f5 3. c4 Nf6 4. Nc3 Bb4 5. e3 O-O 6. Bd3 b6 7. O-O Bxc3 8. bxc3 Bb7 9. Re1 Be4 10. Be2 h6 11. a4 a5 12. Ba3 d6 13. Nd2 Bb7 14. Bf3 Ne4 15. Bxe4 fxe4 16. Rb1 Qh4 17. Rf1 Nd7 18. Rb5 Rf5 19. Rxf5 exf5 20. f4 Nf6 21. Qe2 Kh7 22. Rb1 Ba6 23. Nf1 Rg8 24. g3 Qh3 25. Nd2 g5 26. Qg2 Qh5 27. Bxd6 cxd6 28. Rxb6 Qd1+ 29. Nf1 Bxc4 30. Rxd6 Ng4 31. Qh3 Qe1 32. Qg2 Nxe3 33. Qh3 Qxf1+ 34. Qxf1 Nxf1 35. Rc6 Bd3 36. Rc5 gxf4 0-1

[Event "Ontario-Tch active"]
[Site "Kitchener CAN"]
[Date "2011.06.18"]
[Round "4.2"]
[White "Shamroni, Dima"]
[Black "Gashgarian, Robert"]
[Result "1/2-1/2"]
[WhiteElo "1792"]
[BlackElo "2061"]
[PlyCount "50"]
[GameId "2160767909704206"]
[EventDate "2011.06.19"]
[EventType "rapid"]
[EventRounds "4"]
[EventCountry "CAN"]
[SourceTitle "EXT 2022"]
[Source "ChessBase"]
[SourceDate "2021.10.06"]
[SourceVersion "1"]
[SourceVersionDate "2021.10.06"]
[SourceQuality "1"]
[WhiteTeam "Waterloo"]
[BlackTeam "Brantford"]
[WhiteTeamCountry "CAN"]
[BlackTeamCountry "CAN"]

1. d4 Nf6 2. c4 e6 3. Nf3 b6 4. Bg5 h6 5. Bxf6 Qxf6 6. e4 Bb4+ 7. Nc3 O-O 8. Bd3 c5 9. e5 Qe7 10. O-O cxd4 11. Nb5 a6 12. Nbxd4 Qd8 13. Be4 Ra7 14. Nc2 Be7 15. Nfd4 Qc7 16. Qh5 d6 17. f4 dxe5 18. fxe5 Bb7 19. Bd3 Bc5 20. Kh1 Rd8 21. Nxe6 Bxg2+ 22. Kxg2 Qc6+ 23. Qf3 Qxe6 24. Qe4 Rad7 25. Rad1 Qc6 1/2-1/2

[Event "Ontario-Tch active"]
[Site "Kitchener CAN"]
[Date "2011.06.18"]
[Round "4.4"]
[White "Chernik, Dmitry"]
[Black "Kiraly, Istvan"]
[Result "1/2-1/2"]
[WhiteElo "2208"]
[BlackElo "2127"]
[PlyCount "36"]
[GameId "2160767909704207"]
[EventDate "2011.06.19"]
[EventType "rapid"]
[EventRounds "4"]
[EventCountry "CAN"]
[SourceTitle "EXT 2022"]
[Source "ChessBase"]
[SourceDate "2021.10.06"]
[SourceVersion "1"]
[SourceVersionDate "2021.10.06"]
[SourceQuality "1"]
[WhiteTeam "Willowdale"]
[BlackTeam "Windsor"]
[WhiteTeamCountry "CAN"]
[BlackTeamCountry "CAN"]

1. e4 d6 2. d4 Nf6 3. Nc3 g6 4. Bd3 Bg7 5. f4 O-O 6. Nf3 Na6 7. O-O c5 8. Bxa6 cxd4 9. Qxd4 bxa6 10. Qd3 Bb7 11. Bd2 Rc8 12. Rfe1 Qb6+ 13. Qe3 Qxe3+ 14. Rxe3 Rc4 15. Rae1 Rfc8 16. h3 Nh5 17. Nd5 Bxd5 18. exd5 Bf6 1/2-1/2

[Event "Ontario-Tch active"]
[Site "Kitchener CAN"]
[Date "2011.06.18"]
[Round "5"]
[White "Khayutin, Constantine"]
[Black "Knechtel, Tim"]
[Result "0-1"]
[WhiteElo "2005"]
[BlackElo "2087"]
[PlyCount "52"]
[GameId "2160767909704208"]
[EventDate "2011.06.19"]
[EventType "rapid"]
[EventRounds "4"]
[EventCountry "CAN"]
[SourceTitle "EXT 2022"]
[Source "ChessBase"]
[SourceDate "2021.10.06"]
[SourceVersion "1"]
[SourceVersionDate "2021.10.06"]
[SourceQuality "1"]
[WhiteTeam "Hamilton"]
[BlackTeam "Kitchener"]
[WhiteTeamCountry "CAN"]
[BlackTeamCountry "CAN"]

1. Nf3 d6 2. d4 Nd7 3. Bf4 c6 4. c4 Qc7 5. Nc3 e5 6. Bg3 Ngf6 7. e4 Be7 8. Be2 Nh5 9. Bh4 Bxh4 10. Nxh4 Nf4 11. Bf3 g6 12. d5 Nc5 13. O-O Qe7 14. g3 Nh3+ 15. Kg2 Nf4+ 16. Kh1 Nh5 17. g4 Qxh4 18. dxc6 Bxg4 19. cxb7 Nxb7 20. Qa4+ Bd7 21. Qa6 Qf4 22. Bg2 Rb8 23. Nd5 Qh4 24. Nc7+ Kf8 25. Qxa7 Kg7 26. f4 Nc5 0-1

[Event "Ontario-Tch active"]
[Site "Kitchener CAN"]
[Date "2011.06.18"]
[Round "5.1"]
[White "Peredun, Andrew"]
[Black "Cockburn, Denton"]
[Result "1-0"]
[WhiteElo "2356"]
[BlackElo "2240"]
[PlyCount "60"]
[GameId "2160767909704209"]
[EventDate "2011.06.19"]
[EventType "rapid"]
[EventRounds "4"]
[EventCountry "CAN"]
[SourceTitle "EXT 2022"]
[Source "ChessBase"]
[SourceDate "2021.10.06"]
[SourceVersion "1"]
[SourceVersionDate "2021.10.06"]
[SourceQuality "1"]
[WhiteTeam "Kitchener"]
[BlackTeam "Windsor"]
[WhiteTeamCountry "CAN"]
[BlackTeamCountry "CAN"]

1. c4 e6 2. d4 Nf6 3. Nf3 b6 4. g3 Ba6 5. Nbd2 Bb7 6. Bg2 Be7 7. O-O O-O 8. Qc2 d5 9. b3 Nbd7 10. Bb2 Rc8 11. cxd5 exd5 12. Rac1 c5 13. dxc5 bxc5 14. Ne5 Qc7 15. Ndf3 Nb6 16. Rfd1 Bd6 17. Qf5 Rcd8 18. Ng4 Nxg4 19. Ng5 g6 20. Qxg4 h5 21. Qh4 Qe7 22. e3 Be5 23. Bxe5 Qxe5 24. Rxc5 Kg7 25. Qd4 Qxd4 26. Rxd4 Rc8 27. b4 Na4 28. Rxc8 Rxc8 29. Bxd5 Rc1+ 30. Kg2 Nc3 1-0

[Event "Ontario-Tch active"]
[Site "Kitchener CAN"]
[Date "2011.06.18"]
[Round "5.2"]
[White "Gashgarian, Robert"]
[Black "Shebetah, Wajdy"]
[Result "1/2-1/2"]
[WhiteElo "2061"]
[BlackElo "2246"]
[PlyCount "82"]
[GameId "2160767909704210"]
[EventDate "2011.06.19"]
[EventType "rapid"]
[EventRounds "4"]
[EventCountry "CAN"]
[WhiteTeam "Brantford"]
[BlackTeam "Annex"]

1. d4 e6 2. Nf3 f5 3. g3 Nf6 4. Bg2 d5 5. O-O Bd6 6. c4 c6 7. b3 Qe7 8. Bb2 Nbd7 9. Nbd2 O-O 10. Ne5 Bxe5 11. dxe5 Ne4 12. e3 a5 13. f3 Nxd2 14. Qxd2 a4 15. Rad1 axb3 16. axb3 dxc4 17. bxc4 Qc5 18. f4 Qxc4 19. Rc1 Qb5 20. Bd4 c5 21. Rb1 Qa5 22. Bc3 Qc7 23. e4 g6 24. exf5 gxf5 25. Qb2 Ra7 26. Rfd1 Nb8 27. Rd6 Nc6 28. Bf1 Nd4 29. Bxd4 cxd4 30. Qxd4 Ra3 31. Bc4 Kh8 32. Rd1 Ra4 33. Rd8 Rxc4 34. Rxf8+ Kg7 35. Qd8 Qc5+ 36. Kg2 Rc2+ 37. Kh3 Qxf8 38. Qg5+ Kf7 39. Qf6+ Kg8 40. Rd8 Qxd8 41. Qxd8+ Kg7 1/2-1/2

[Event "Ontario-Tch active"]
[Site "Kitchener CAN"]
[Date "2011.06.18"]
[Round "5.4"]
[White "Kiraly, Istvan"]
[Black "Gareau, Don"]
[Result "1-0"]
[WhiteElo "2127"]
[BlackElo "1861"]
[PlyCount "41"]
[GameId "2160767909704213"]
[EventDate "2011.06.19"]
[EventType "rapid"]
[EventRounds "4"]
[EventCountry "CAN"]
[SourceTitle "EXT 2022"]
[Source "ChessBase"]
[SourceDate "2021.10.06"]
[SourceVersion "1"]
[SourceVersionDate "2021.10.06"]
[SourceQuality "1"]
[WhiteTeam "Windsor"]
[BlackTeam "Kitchener"]
[WhiteTeamCountry "CAN"]
[BlackTeamCountry "CAN"]

1. d4 Nf6 2. Nf3 d5 3. Bg5 Ne4 4. Bf4 e6 5. Nbd2 Nd6 6. e3 Be7 7. Bd3 Nd7 8. c3 Nf6 9. Ne5 O-O 10. g4 Nfe4 11. Bxe4 Nxe4 12. Nxe4 dxe4 13. Qc2 f6 14. Nc4 Qd5 15. Qb3 e5 16. dxe5 Bxg4 17. Nd2 Qxb3 18. axb3 fxe5 19. Bxe5 Bf3 20. Nxf3 Rxf3 21. Bxc7 1-0

[Event "Ontario-ch U20"]
[Site "Toronto CAN"]
[Date "2011.02.12"]
[Round "1"]
[White "Cormier, Adam"]
[Black "Sapozhnikov, Roman"]
[Result "0-1"]
[WhiteElo "2033"]
[BlackElo "2430"]
[PlyCount "98"]
[GameId "2160767909812645"]
[EventDate "2011.02.12"]
[EventType "tourn"]
[EventRounds "4"]
[EventCountry "CAN"]

1. d4 Nf6 2. c4 g6 3. Nc3 Bg7 4. e4 d6 5. Nf3 O-O 6. Be2 Nbd7 7. O-O e5 8. d5 Nc5 9. Nd2 Bh6 10. Qc2 a5 11. Nb3 Bxc1 12. Raxc1 b6 13. h3 Ne8 14. f4 Nxb3 15. axb3 exf4 16. Rxf4 Qg5 17. Rf3 Bd7 18. Rcf1 Ng7 19. Bd3 Rae8 20. Qf2 Re7 21. Kh1 Qe5 22. g4 h5 23. gxh5 Nxh5 24. Nd1 f6 25. Rg1 g5 26. Ne3 Rh7 27. Ng4 Bxg4 28. Rxg4 Rg7 29. Rf5 Qe7 30. Be2 Nf4 31. Rgxf4 gxf4 32. Rxf4 f5 33. exf5 Rf6 34. Bg4 Qe5 35. Qd4 Rxf5 36. Qxe5 Rxe5 37. Be6+ Kh7 38. Rh4+ Kg6 39. Rg4+ Kf6 40. Rf4+ Ke7 41. Rf2 Re3 42. Kh2 Rxb3 43. Re2 Kf6 44. h4 Rh7 45. Rf2+ Ke5 46. Rf5+ Kd4 47. Rf4+ Kc5 48. Bf5 Rh6 49. Kg2 a4 0-1

[Event "Ontario-ch U20"]
[Site "Toronto CAN"]
[Date "2011.02.12"]
[Round "2"]
[White "Song, Terry"]
[Black "Cormier, Adam"]
[Result "1/2-1/2"]
[WhiteElo "1929"]
[BlackElo "2033"]
[PlyCount "104"]
[GameId "2160767909812648"]
[EventDate "2011.02.12"]
[EventType "tourn"]
[EventRounds "4"]
[EventCountry "CAN"]

1. e4 c5 2. Nf3 d6 3. d4 cxd4 4. Nxd4 Nf6 5. Nc3 a6 6. Be2 e5 7. Nb3 Be7 8. Be3 O-O 9. Qd2 Qc7 10. f3 Be6 11. g4 b5 12. g5 Nfd7 13. O-O-O Nb6 14. Kb1 N8d7 15. h4 Nc4 16. Bxc4 bxc4 17. Nc1 Nb6 18. N1e2 Rfd8 19. Bxb6 Qxb6 20. Nd5 Bxd5 21. Qxd5 Rab8 22. b3 Rdc8 23. Ng3 cxb3 24. axb3 Qf2 25. Nf5 Qxc2+ 26. Ka1 Rc5 27. Nxe7+ Kf8 28. Rc1 Rxd5 29. Rxc2 Ra5+ 30. Kb2 Kxe7 31. Rd1 Rab5 32. Rd3 a5 33. Ka3 Kd7 34. Rcc3 f6 35. Ka4 R8b6 36. Rd5 Rxd5 37. exd5 Rb4+ 38. Kxa5 Rd4 39. b4 Rxd5+ 40. Kb6 fxg5 41. hxg5 e4 42. Rc7+ Ke6 43. g6 exf3 44. gxh7 Rh5 45. Rc3 Rxh7 46. Rxf3 Rh4 47. b5 g5 48. Rg3 Kf5 49. Rd3 Rh6 50. Rd5+ Kf4 51. Kc6 g4 52. Rxd6 Rxd6+ 1/2-1/2